|
|
|
|
| LEADER |
00779nab a2200205 i 4500 |
| 001 |
acta78111 |
| 005 |
20230127085115.0 |
| 008 |
230127s2022 hu o 0|| hun d |
| 022 |
|
|
|a 0237-7934
|
| 040 |
|
|
|a SZTE Egyetemi Kiadványok Repozitórium
|b hun
|
| 041 |
|
|
|a hun
|
| 245 |
0 |
0 |
|a Lupescu Makó Mária műveinek bibliográfiája
|h [elektronikus dokumentum]
|
| 260 |
|
|
|c 2022
|
| 300 |
|
|
|a 152-158
|
| 490 |
0 |
|
|a Aetas
|v 37 No. 2
|
| 650 |
|
4 |
|a Bölcsészettudományok
|
| 650 |
|
4 |
|a Történettudomány és régészet
|
| 695 |
|
|
|a Lupescu Makó Mária, Történettudomány - Erdély - magyar - bibliográfia, Történettudomány - Erdély - magyar - életmű
|
| 700 |
0 |
2 |
|a Lupescu Makó Mária
|
| 856 |
4 |
0 |
|u http://acta.bibl.u-szeged.hu/78111/1/aetas_2022_002_152-158.pdf
|z Dokumentum-elérés
|